| 000 | 00433 a2200157 4500 | ||
|---|---|---|---|
| 001 | 155205 | ||
| 040 | _cEscola São Tomás de Aquino | ||
| 100 | _aRODRÍGUEZ, John Lionel" Kuinghttons | ||
| 240 | 1 | 0 |
_aLa blanca señora de mi bairro _lpor |
| 245 | 1 | 0 | _aLa blanca señora de mi bairro |
| 300 | _a24 | ||
| 362 | 0 | _a2000 | |
| 440 | 1 | _aSaraiva | |
| 697 | _aSistemas de escrita, fonologia, fonética da norma espanhola | ||
| 942 | _cBK | ||
| 999 |
_c155205 _d155205 |
||